00418nam a2200133Ia 4500001001000000003000500010008004100015010001100056040000900067100003000076245009700106500005500203650002600258Para_7230CHAP220125s9999 xx 000 0 und d a206116 cCHAP aGonzaga E. Lordello, Luiz aO capin pangola difunde nematóides /c Luiz Gonzaga E. Lordello, Ari de Toledo Mello Filho aSobretiro de: Revista de Agricultura, 44 (4), 1969 7aDigitaria decumbens2